Представление документа в формате MARC21

Поле Инд. ПП Название Значение
Тип записи a
Библиографический уровень m
001 Контрольный номер RU/LIBMSTU/293625087
005 Дата корректировки 20181129152028.1
008 Кодируемые данные 090423|||||||||ru |||||||||||000|||rus||
020 a ISBN 978-5-16-003015-9
c Цена, тираж 93-83
040 b Код языка каталог. rus
041 0_ a Код языка текста rus
084 a Индекс другой классификации/Индекс ББК 60.99
090 a Полочн. индекс 60.9
x Авторский знак А 40
100 1_ a Автор Акмалова А. А.
245 10 a Заглавие Социальная работа с мигрантами и беженцами
b Продолж. заглавия учеб. пособие для вузов
c Ответственность [отв. ред. П. Д. Павленок]
260 a Место издания Москва
b Издательство Инфра-М
c Дата издания 2008
300 a Объем 218, [1] c.
440 _0 a Серия Высшее образование : сер. осн. в 1996 г.
504 a Библиография Библиогр.: с. 212-216
650 04 a Основная рубрика Социальная работа-Учебные издания для высших учебных заведений
650 14 a Основная рубрика Мигранты-Учебные издания для высших учебных заведений
651 _4 a Географическое наименование Страны СНГ
651 _4 a Географическое наименование Прибалтика
653 0_ a Ключевые слова Работа социальная
a Ключевые слова СНГ
a Ключевые слова Содружество Независимых Государств
653 1_ a Ключевые слова Общество
653 1_ a Ключевые слова Мигранты
653 1_ a Ключевые слова Беженцы
653 1_ a Ключевые слова Вынужденные переселенцы
653 1_ a Ключевые слова Миграционные потоки
653 1_ a Ключевые слова Постсоветское пространство
653 1_ a Ключевые слова Социально-демографические проблемы
653 1_ a Ключевые слова Ксенофобия
653 1_ a Ключевые слова Толерантность
653 1_ a Ключевые слова Трудовая миграция
653 1_ a Ключевые слова Миграционная политика
653 1_ a Ключевые слова Права мигрантов
653 1_ a Ключевые слова Иммигранты
700 12 a Другие авторы Капицын В. М.
901 t Тип документа m
952 b Гриф литературы для ВШ Рекомендовано УМО вузов России по образованию в области социальной работы
c Вид литературы учебное пособие